000
00339nam a2200145Ia 4500
005
20250603145942.0
008
250603s9999 xx 000 0 und d
020
_a
978-1-84205-370-6
100
_a
Cornwell, Barry
245
4
_a
The works of Shakespeare
260
_b
Geddes & Grosset
260
_c
2009
300
_a
601 p
942
_c
BK
999
_c
43338
_d
43338